| 000 | 00000nam##2200000za#4500 |
| 001 | 9.658563 |
| 003 | CaOODSP |
| 005 | 20200330140739 |
| 007 | ta |
| 008 | 150407|1996||||xxc||||| f|0| 0 eng|d |
| 020 | |a0-662-62442-4 |
| 040 | |aCaOODSP|beng |
| 041 | |aeng |
| 041 | |afre |
| 043 | |an-cn--- |
| 086 | 1 |aM22-123/1996 |
| 110 | 1 |aCanada. |bNatural Resources Canada. |
| 245 | 14|aThe federal governments's response to the interim report of the Standing Committee on Natural Resources: Streamlining environmental regulation for mining / |cBy the Honourable A. Anne McLellan, Minister of Natural Resources. |
| 260 | |aOttawa - Ontario : |bNatural Resources Canada |c1996. |
| 300 | |aEnglish text, 22p. ; |c28 cm. |
| 500 | |aTabled in the House of Commons. |
| 546 | |aBilingual |
| 563 | |aSoftcover |
| 590 | |a96-32|b1996-08-09 |
| 690 | 07|aMining industry|2gcpds |
| 720 | 1 |aMcLellan, A. Anne |
| 776 | 0#|tRéponse du gouvernement fédéral au rapport provisoire du Comité permanent des ressources naturelles intitulé : |w(CaOODSP)9.642541 |
| 776 | 0#|tThe federal governments's response to the interim report of the Standing Committee on Natural Resources : |w(CaOODSP)9.698534 |
| 792 | |tRéponse du gouvernement fédéral au rapport provisoire du Comité permanent des ressources naturelles intitulé Rationalisation de la réglementation environnementale régissant l'exploitation minière / |efre|w(CaOODSP)9.658564 |